Stamp duty on UK land and buildings (Record no. 70013)
[ view plain ]
| 000 -LEADER | |
|---|---|
| fixed length control field | 01035cam a2200217 4500 |
| 001 - CONTROL NUMBER | |
| control field | WB3814-16 |
| 008 - FIXED-LENGTH DATA ELEMENTS--GENERAL INFORMATION | |
| fixed length control field | 020418n2002 000 0 eng u |
| 035 ## - SYSTEM CONTROL NUMBER | |
| System control number | (Sirsi) u117571 |
| 245 ## - TITLE STATEMENT | |
| Title | Stamp duty on UK land and buildings |
| 260 ## - PUBLICATION, DISTRIBUTION, ETC. | |
| Date of publication, distribution, etc. | 2002 |
| 490 ## - SERIES STATEMENT | |
| Series statement | Inland Revenue Press Release |
| Volume/sequential designation | 17 April 2002, (5) |
| 520 ## - SUMMARY, ETC. | |
| Summary, etc. | In the budget the chancellor announced measures to tackle avoidance of stamp duty on commercial property transactions and a modernisation of stamp duty on land and buildings in the UK. The Finance Bill 2002 will include legislation to discourage a range of techniques used to avoid stamp duty on high-value property deals. For Inland Revenue Press Release: http://www.nds.coi.gov.uk/coi/coipress.nsf/1da827e79df1aaf98025673500583789/74983e0d937e894880256b9e00582385?OpenDocument |
| 590 ## - LOCAL NOTE (RLIN) | |
| Local note | WB |
| 650 ## - SUBJECT ADDED ENTRY--TOPICAL TERM | |
| Topical term or geographic name entry element | STAMP DUTY |
| 650 ## - SUBJECT ADDED ENTRY--TOPICAL TERM | |
| Topical term or geographic name entry element | PROPERTY-COMMERCIAL PROPERTY |
| 650 ## - SUBJECT ADDED ENTRY--TOPICAL TERM | |
| Topical term or geographic name entry element | FINANCE BILL 2002 |
| 650 ## - SUBJECT ADDED ENTRY--TOPICAL TERM | |
| Topical term or geographic name entry element | BUDGET 2002 |
| 650 ## - SUBJECT ADDED ENTRY--TOPICAL TERM | |
| Topical term or geographic name entry element | HOMEBUYERS |
| 690 ## - LOCAL SUBJECT ADDED ENTRY--TOPICAL TERM (OCLC, RLIN) | |
| Topical term or geographic name as entry element | HOUSING-HOUSING FINANCE |
| 942 ## - ADDED ENTRY ELEMENTS (KOHA) | |
| Suppress in OPAC | 0 |
| Withdrawn status | Lost status | Source of classification or shelving scheme | Damaged status | Not for loan | Home library | Current library | Shelving location | Date acquired | Total Checkouts | Full call number | Barcode | Date last seen | Copy number | Price effective from | Koha item type |
|---|---|---|---|---|---|---|---|---|---|---|---|---|---|---|---|
| Dewey Decimal Classification | London | London | News article | 18/04/2002 | WB3814-16 | 117571-1001 | 06/08/2019 | 1 | 06/08/2019 | News article |